Top 15 non-English Languages by State (Kansas) - Statistics

General Stats
  • This quiz has been taken 11 times
  • The average score is 10 of 15
Answer Stats
Answer % Correct
Spanish
100%
Arabic
80%
French
80%
German
80%
Korean
80%
Russian
80%
Vietnamese
80%
Chinese
70%
Tagalog
70%
Japanese
60%
Persian
50%
Laotian
40%
Swahili
40%
Burmese
30%
Hmong
30%
No matching quizzes found
Score Distribution
Percent of People with Each Score
Percentile by Number Answered
Your Score History
You have not taken this quiz